Sports Quiz

Random Sports or NHL Quiz

100 career goals - St. Louis Blues Quiz Stats

 Plays Quiz not verified by Sporcle

Challenge
Share
Tweet
Embed
Score 0/30 Timer 08:00
0 Plays Today
Seasons Player % Correct
1987-1998Brett Hull
96.8%
1976-1989Bernie Federko
90.2%
2012-presentVladimir Tarasenko
88.7%
1994-2004Al MacInnis
83.6%
2006-2016David Backes
79.8%
2000-2010Keith Tkachuk
76%
1996-2004Pavol Demitra
75.8%
1976-1988Brian Sutter
74.3%
2007-presentAlexander Steen
68.4%
1991-1995Brendan Shanahan
68.2%
2008-2015T.J. Oshie
68%
1970-1979Garry Unger
63.3%
1996-2001Pierre Turgeon
58.6%
1998-2002; 2005-2006Scott Young
57.5%
2006-2011Brad Boyes
57.5%
Seasons Player % Correct
1983-1988Doug Gilmour
55%
1967-1971; 1974-1978Red Berenson
50.9%
2007-2013; 2016-2017; 2018-presentDavid Perron
50.6%
1981-1986Joe Mullen
45%
2008-2018Patrik Berglund
43.6%
1990-1991; 1995-2000Geoff Courtnall
43.5%
1978-1984Wayne Babych
41.2%
2011-presentJaden Schwartz
39.9%
1985-1988Mark Hunter
24.6%
1979-1984; 1987-1988Perry Turnbull
22.3%
1980-1985Jorgen Pettersson
21.9%
1983-1989Greg Paslawski
17%
1975-1984Larry Patey
16.4%
1967-1974Gary Sabourin
11.2%
1972-1977Pierre Plante
9.6%

You're not logged in!

Compare scores with friends on all Sporcle quizzes.
OR
Log In

You Might Also Like...

Show Comments

Extras

Top Quizzes Today


Score Distribution

Your Account Isn't Verified!

In order to create a playlist on Sporcle, you need to verify the email address you used during registration. Go to your Sporcle Settings to finish the process.

Report this User

Report this user for behavior that violates our Community Guidelines.

Details: